| Tag |
First Indicator |
Second Indicator |
Subfields |
| LEADER |
00000cam a22000001i 4500 |
| 001 |
in00003929021 |
| 006 |
m d f |
| 007 |
cr bn mmmapmmp |
| 008 |
351025s1935 dcu o f000 0 eng d |
| 005 |
20250210231330.2 |
| 035 |
|
|
|a ebd1933023353
|
| 040 |
|
|
|a UMI
|c UMI
|e rda
|d UtOrBLW
|
| 086 |
0 |
|
|a Y 3.N 21/8:7ap.172/amdt.4
|
| 099 |
|
|
|a Y3.N21_8..7ap.172_amdt.4
|
| 110 |
1 |
|
|a United States.
|b National Recovery Administration.
|0 http://id.loc.gov/authorities/names/n50064788
|
| 245 |
1 |
0 |
|a Approved Code No. 172-Amendment No. 4 :
|b Amendment to Code of Fair Competition for the Rayon and Silk Dyeing and Printing Industry, as Approved on Mar. 19, 1935.
|
| 264 |
|
1 |
|a [Washington] :
|b [s.n.],
|c 1935.
|
| 300 |
|
|
|a 1 online resource (7 pages), digital, PDF file
|
| 336 |
|
|
|a text
|b txt
|2 rdacontent
|
| 337 |
|
|
|a computer
|b c
|2 rdamedia
|
| 338 |
|
|
|a online resource
|b cr
|2 rdacarrier
|
| 533 |
|
|
|a Electronic reproduction.
|b [Bethesda, Md.] :
|c ProQuest,
|d 2016
|e digital, PDF file.
|n ProQuest U.S. Executive Branch Documents
|n Mode of access: World Wide Web via ProQuest website.
|
| 588 |
|
|
|a Record is based on online resource; title from PDF title page (ProQuest, last viewed July 2016). Reuse except for individual research requires license from ProQuest, LLC.
|
| 650 |
|
0 |
|a Administrative law
|z United States.
|0 http://id.loc.gov/authorities/subjects/sh2007100599
|
| 650 |
|
0 |
|a Public administration.
|0 http://id.loc.gov/authorities/subjects/sh85108611
|
| 650 |
|
0 |
|a Silk.
|0 http://id.loc.gov/authorities/subjects/sh85122543
|
| 650 |
|
0 |
|a Printing.
|0 http://id.loc.gov/authorities/subjects/sh85106751
|
| 856 |
4 |
0 |
|u http://proxy.library.tamu.edu/login?url=http://congressional.proquest.com/congressional/docview/t66.d71.y3.n21_8..7ap.172_amdt.4?
|y Electronic resource (PDF)
|t 0
|
| 999 |
f |
f |
|s 3fce7444-c1a9-3f76-852c-f3e5d4e340a0
|i 0d9317f9-c788-3317-a6b4-f66698d8ed09
|t 0
|
| 952 |
f |
f |
|a Texas A&M University
|b College Station
|c Electronic Resources
|d Available Online
|t 0
|h No information provided
|
| 998 |
f |
f |
|t 0
|l Available Online
|